Defuse The Bomb! Quiz Stats

Quiz Updated Dec 27, 2016

Challenge
Share
Tweet
Score 0/5 Timer 03:00
0 Plays Today
Clue Code % Correct
Between 1000 and 1500Look right→
95.4%
Between 1501 and 2000Look right→
93.7%
Between 2001 and 2500Look right→
88%
Between 2501 and 3000Look right→
77.1%
Save The World!Did you ɡet it first try?
57.3%

You're not logged in!

Compare scores with friends on all Sporcle quizzes.
Join for Free
OR
Log In

You Might Also Like...

Show Comments

Extras

Top Quizzes Today


Score Distribution

Your Account Isn't Verified!

In order to create a playlist on Sporcle, you need to verify the email address you used during registration. Go to your Sporcle Settings to finish the process.

Report this User

Report this user for behavior that violates our Community Guidelines.

Details: